Phenotypic and Genotypic Studies on Blastocystis SP. Treated with Metronidazole /
Saved in:
| 主要作者: | |
|---|---|
| 格式: | Thesis 圖書 |
| 語言: | English |
| 主題: | |
| 標簽: |
添加標簽
沒有標簽, 成為第一個標記此記錄!
|
| LEADER | 01247cam a2200325 i 4500 | ||
|---|---|---|---|
| 001 | u1007909 | ||
| 003 | SIRSI | ||
| 005 | 201601051215 | ||
| 008 | 160104t2014 my a m 000 0 eng m | ||
| 040 | |a UMP |e rda | ||
| 096 | |a QX4 |b UM 2014 Kal | ||
| 100 | 0 | |a Kalyani Raman. | |
| 245 | 1 | 0 | |a Phenotypic and Genotypic Studies on Blastocystis SP. |p Treated with Metronidazole / |c Kalyani Raman. |
| 264 | 1 | |c 2014. | |
| 264 | 4 | |c © Kalyani Raman 2014. | |
| 300 | |a xxii, 184 leaves : |b colour illustrations ; |c 30cm. | ||
| 336 | |a text |2 rdacontent | ||
| 337 | |a unmediated |2 rdamedia | ||
| 338 | |a volume |2 rdacarrier | ||
| 502 | |b M. Med. Sc. |c Department of Parasitology, Faculty of Medicine, University of Malaya, |d 2014. | ||
| 504 | |a Bibliography: leaves 158-173. | ||
| 530 | |a Issued also in CD. | ||
| 650 | 2 | |a Blastocystis Infections. | |
| 650 | 2 | |a Genotype |x research. | |
| 650 | 2 | |a Metronidazole |x research. | |
| 710 | 2 | |a Universiti Malaya. |b Jabatan Parasitologi. |e degree granting institution. | |
| 900 | |a ND | ||
| 596 | |a 2 | ||
| 999 | |a QX4 UM 2014 KAL |w NLM |c 1 |i A516090890 |d 5/1/2016 |f 5/1/2016 |g 1 |l TESIS |m P02MEDKL |r Y |s Y |t TESIS |u 15/12/2015 | ||
| 999 | |a QX4 UM 2014 KAL |w NLM |c 2 |i A516090943 |d 5/1/2016 |f 5/1/2016 |g 1 |l COUNTER |m P02MEDKL |r Y |s Y |t CD |u 15/12/2015 | ||
